000 01024nas a2200289 i 4500
001 2726
003 ES-MaACL
005 20250326164026.0
007 t|
008 990408d19972004sp f| | 0 ||pa d
022 _a1137-3644
080 _a(460)
080 _a929
245 0 0 _aCuadernos de investigación genealógica.
260 _aMadrid :
_bCírculo de Estudios Genealógicos Familiares,
_c1997-2004.
300 _a1 v. ;
_c30 cm.
310 _aSemestral
362 0 _aNº 1 (en.-jun. 1997)-nº 16 (jul.-dic. 2004)
525 _aNúmero extraordinario de 1999 dedicado al Primer Simposio de Estudios Genealógicos, ponencias y comunicaciones (Madrid, 16-18 nov. 1998)
650 1 7 _aHeráldica
_2embne
_9235652
655 7 _2tgfbne
_9226866
_aRevistas
710 2 _aCírculo de Estudios Genealógicos Familiares.
_92823
852 _aES-MaACL
_jHEM-2013
_cHEM
866 0 _o1997-1999(2000)2001(2002)2003-2004
_uFaltas: 2000 (n.7) 2002 (n.11)
942 _2udc
_cPERIODICA
999 _c2726
_d2726